000 00858nam a2200253 a 4500
001 58234
003 BD-RJUL
005 20211209080611.0
008 161217s1968 enkab 001 0 eng d
035 _a(BD-RjUL)58358
040 _aBD-RjUL
_beng
_cBD-RjUL
_dBD-RjUL
041 _aeng
082 _223
_a330.95125
_bPOC 1968
100 1 _aPotter, Jack M.
_9172987
245 1 0 _aCapitalism and the Chinese peasant :
_bsocial and economic change in a Hong Kong village /
_cJack M. Potter
260 _aBerkeley :
_bUniversity of california Press,
_cc1968.
300 _axiii, 215 p. :
_bill. ;
_c24 cm.
504 _aIncludes bibliography and index
650 0 _aAgriculture
_xEconomic aspects
_zChina
_zHong Kong
_9172988
651 0 _aHong Kong
_xRural conditions
_9172989
651 0 _aChina
_zHong Kong
_9174546
942 _2ddc
_cBK
999 _c58234
_d58234